[Event "ACP Women Cup 2012"]
[Site "Tbilisi GEO"]
[Date "2012.02.18"]
[Round "1.1"]
[White "Kosintseva, Nadezhda"]
[Black "Dzagnidze, Nana"]
[Result "1/2-1/2"]
[WhiteTitle "GM"]
[BlackTitle "GM"]
[WhiteElo "2537"]
[BlackElo "2535"]
[WhiteFideId "4134974"]
[BlackFideId "13601903"]
[EventDate "2012.02.18"]

1. e4 c5 2. Nf3 e6 3. d4 cxd4 4. Nxd4 a6 5. Bd3 Bc5 6. Nb3 Be7 7. Qg4 Bf6 8. Qg3
Nc6 9. Nc3 Nge7 10. Bf4 e5 11. Bd2 d6 12. h4 Be6 13. O-O-O Rc8 14. Kb1 Nb4 15.
Bg5 Ng6 16. Bf1 O-O 17. Bxf6 Qxf6 18. a3 Nc6 19. Nd5 Bxd5 20. exd5 Nce7 21. Bd3
Nf4 22. Be4 Qh6 23. Qg5 f5 24. Qxe7 Rf7 25. Qg5 Qxg5 26. hxg5 fxe4 27. Rh2 Ng6
28. g3 Rc4 29. Re1 Ne7 30. Nd2 Rd4 31. Nxe4 Rxd5 32. Rhh1 Rd4 33. c3 Rd3 34. Kc2
Rd5 35. Re2 b5 36. Rhe1 Nc6 37. Ra1 Rd7 38. f3 a5 39. Rh1 Ne7 40. Reh2 Nf5 41.
Rxh7 a4 42. Nf6+ gxf6 43. Rxd7 Ne3+ 44. Kc1 fxg5 45. g4 Rd3 46. Rb7 Nc4 47. Rh5
Ne3 48. Rh1 Nc4 49. Rxb5 Rxf3 50. Rb4 d5 51. Rxa4 e4 52. Ra6 e3 53. Re1 Kf7 54.
b3 Ne5 55. Re2 Nxg4 56. Kc2 Ne5 57. Rd6 g4 58. Rxd5 Ke6 59. Rd8 g3 60. Re8+ Kf5
61. Rg8 Rf2 62. Kd1 Rf1+ 63. Kc2 Rf2 64. Kd1 Kf4 65. Rxe3 Kxe3 66. Rxg3+ Nf3 67.
a4 Kd3 68. Kc1 Kxc3 69. Kd1 Kxb3 70. a5 Kb4 71. a6 Nd4 72. Rd3 Nb3 73. Rd6 Ra2
74. Ke1 Nc5 75. Kf1 Nxa6 76. Rd3 Kc4 77. Re3 Nc5 78. Re2 Ra3 79. Kg2 Kd4 80. Re8
Ne4 81. Rd8+ Ke5 82. Re8+ Kf4 83. Rf8+ Kg4 84. Rg8+ Ng5 85. Kf2 Kf4 86. Rf8+ Ke5
87. Re8+ Ne6 88. Ke2 Kd5 89. Rh8 Ke4 90. Re8 Kd5 91. Rb8 Nf4+ 92. Kf2 Nd3+ 93.
Ke2 Ke4 94. Re8+ Ne5 95. Kd2 Ra5 96. Rd8 Rc5 97. Re8 Rc7 98. Rd8 Nf3+ 99. Kd1
Nd4 100. Kd2 Rc2+ 101. Kd1 Rg2 102. Kc1 Nb3+ 103. Kb1 1/2-1/2

[Event "ACP Women Cup 2012"]
[Site "Tbilisi GEO"]
[Date "2012.02.18"]
[Round "1.2"]
[White "Muzychuk, Anna"]
[Black "Zatonskih, Anna"]
[Result "1-0"]
[WhiteTitle "IM"]
[BlackTitle "IM"]
[WhiteElo "2580"]
[BlackElo "2506"]
[WhiteFideId "14111330"]
[BlackFideId "14101572"]
[EventDate "2012.02.18"]

1. e4 e6 2. d4 d5 3. Nc3 dxe4 4. Nxe4 Nd7 5. Nf3 Ngf6 6. Bg5 h6 7. Bxf6 Nxf6 8.
Bd3 Nxe4 9. Bxe4 c5 10. dxc5 Qa5+ 11. c3 Qxc5 12. Qe2 Be7 13. O-O O-O 14. Rad1
Bf6 15. Bc2 g6 16. Rfe1 a5 17. Ne5 a4 18. a3 Bg7 19. Qe4 Ra5 20. Nd7 Bxd7 21.
Rxd7 b5 22. Qb7 Raa8 23. Bxg6 Rab8 24. Bxf7+ Kh8 25. Qe4 b4 26. axb4 Qb6 27.
Red1 a3 28. bxa3 Bxc3 29. g3 Bg7 30. Kg2 Ra8 31. R1d3 e5 32. Rf3 Qb5 33. Re7
Rad8 34. Qg6 Qe2 35. Bd5 Rg8 36. Bxg8 Rxg8 37. Rf8 1-0

[Event "ACP Women Cup 2012"]
[Site "Tbilisi GEO"]
[Date "2012.02.18"]
[Round "1.5"]
[White "Lahno, Kateryna"]
[Black "Kosteniuk, Alexandra"]
[Result "1-0"]
[WhiteTitle "GM"]
[BlackTitle "GM"]
[WhiteElo "2557"]
[BlackElo "2448"]
[WhiteFideId "14109336"]
[BlackFideId "4128125"]
[EventDate "2012.02.18"]

1. d4 Nf6 2. c4 e6 3. Nf3 d5 4. Nc3 c5 5. cxd5 Nxd5 6. e4 Nxc3 7. bxc3 cxd4 8.
cxd4 Bb4+ 9. Bd2 Bxd2+ 10. Qxd2 O-O 11. Bd3 Nc6 12. e5 Qa5 13. Qxa5 Nxa5 14. Kd2
Rd8 15. Ke3 Bd7 16. Ng5 f5 17. exf6 gxf6 18. Ne4 Kf7 19. Rhc1 Bc6 20. Rc5 b6 21.
Rh5 Kg7 22. Rc1 Rac8 23. Ba6 Bb7 24. Rxc8 Bxc8 25. Bxc8 Rxc8 26. d5 f5 27. Ng3
Rc3+ 28. Kf4 Rc4+ 29. Ke5 Kg6 30. f4 exd5 31. Rg5+ Kf7 32. Rxf5+ Ke7 33. Rh5
Nc6+ 34. Kxd5 Rc5+ 35. Ke4 Rc4+ 36. Kf3 Rc3+ 37. Kg4 Rc2 38. Rxh7+ Ke6 39. h4
Rxg2 40. h5 Nd4 41. Kh3 Rxa2 42. h6 Ra3 43. Kg4 Ra2 44. Rh8 Rh2 45. h7 Kf7 46.
Nh5 Ne6 47. Ra8 Nxf4 48. Kxf4 Rxh5 49. h8=Q 1-0

[Event "ACP Women Cup 2012"]
[Site "Tbilisi GEO"]
[Date "2012.02.18"]
[Round "1.6"]
[White "Kosintseva, Tatiana"]
[Black "Cramling, Pia"]
[Result "0-1"]
[WhiteTitle "GM"]
[BlackTitle "GM"]
[WhiteElo "2513"]
[BlackElo "2491"]
[WhiteFideId "4133471"]
[BlackFideId "1700030"]
[EventDate "2012.02.18"]

1. e4 c5 2. Nf3 e6 3. d4 cxd4 4. Nxd4 a6 5. Bd3 Bc5 6. Nb3 Be7 7. Qg4 g6 8. Qe2
d6 9. O-O Nd7 10. a4 b6 11. Na3 Bb7 12. Nc4 Ngf6 13. Bh6 Qc7 14. a5 b5 15. Nb6
Nxb6 16. axb6 Qxb6 17. Na5 Nd7 18. b4 Bf6 19. Ra2 Ne5 20. c4 bxc4 21. Bxc4 Ke7
22. Bb3 Qxb4 23. f4 Nc6 24. e5 Nxa5 25. exf6+ Kd7 26. Ba4+ Bc6 27. Rfa1 Rhc8 28.
h3 Nb3 29. Bxb3 Qxb3 30. f5 gxf5 31. Qh5 e5 32. Qxf5+ Qe6 33. Qf1 Rg8 34. Bg7
Bb5 35. Qb1 e4 36. Rxa6 Bxa6 37. Rxa6 Rgb8 38. Qa1 Rxa6 39. Qxa6 Qd5 40. Qa7+
Rb7 41. Qa4+ Qc6 42. Qa2 d5 43. Qa3 Rb1+ 44. Kf2 Qc2+ 0-1

[Event "ACP Women Cup 2012"]
[Site "Tbilisi GEO"]
[Date "2012.02.18"]
[Round "2.1"]
[White "Dzagnidze, Nana"]
[Black "Cramling, Pia"]
[Result "0-1"]
[WhiteTitle "GM"]
[BlackTitle "GM"]
[WhiteElo "2535"]
[BlackElo "2491"]
[WhiteFideId "13601903"]
[BlackFideId "1700030"]
[EventDate "2012.02.18"]

1. d4 d5 2. Nf3 Nf6 3. c4 c6 4. Nc3 a6 5. c5 Nbd7 6. Bf4 g6 7. e3 Bg7 8. Be2 O-O
9. O-O Nh5 10. Re1 f6 11. b4 Nxf4 12. exf4 e5 13. f5 e4 14. Nd2 gxf5 15. f4 Rf7
16. Nf1 Bh6 17. g3 Nf8 18. Ne3 Ng6 19. Bf1 Nxf4 20. gxf4 Bxf4 21. Ng2 Rg7 22.
Kh1 Bh6 23. Be2 f4 24. Rg1 f3 25. Bxf3 exf3 26. Qxf3 Bg4 27. Qf2 Qc7 28. Rae1
Rf8 29. Ne3 f5 30. Ne2 Bxe3 31. Qxe3 f4 32. Qf2 Bf5 33. Nc3 Rxg1+ 34. Qxg1+ Bg6
35. Re5 f3 36. Nd1 Qf7 37. Nf2 Qf4 38. Qd1 Kh8 39. Re7 Qg5 0-1

[Event "ACP Women Cup 2012"]
[Site "Tbilisi GEO"]
[Date "2012.02.18"]
[Round "2.2"]
[White "Kosteniuk, Alexandra"]
[Black "Kosintseva, Tatiana"]
[Result "1-0"]
[WhiteTitle "GM"]
[BlackTitle "GM"]
[WhiteElo "2448"]
[BlackElo "2513"]
[WhiteFideId "4128125"]
[BlackFideId "4133471"]
[EventDate "2012.02.18"]

1. e4 e5 2. Nf3 Nc6 3. Bb5 a6 4. Ba4 Nf6 5. O-O Be7 6. Re1 b5 7. Bb3 d6 8. c3
O-O 9. h3 Na5 10. Bc2 c5 11. d4 Nd7 12. dxe5 dxe5 13. Nbd2 Qc7 14. Nf1 Nb6 15.
Ne3 Nac4 16. Nd5 Nxd5 17. exd5 Bd6 18. b3 Nb6 19. c4 f5 20. Bb2 e4 21. Nd2 Bd7
22. Qe2 Rae8 23. Rad1 Rf7 24. a3 h6 25. Qh5 Be5 26. Bxe5 Qxe5 27. b4 Qd6 28. Nb3
Na4 29. cxb5 cxb4 30. bxa6 bxa3 31. a7 Ra8 32. Nd2 Nb2 33. Ra1 Rxa7 34. Qh4 Rf8
35. Bb3 Kh7 36. Rec1 Nd3 37. Rcb1 Qe5 38. Ba2 e3 39. Nf3 exf2+ 40. Kh1 Qf6 41.
Qc4 Ne5 42. Nxe5 Qxe5 43. Qc5 Rc7 44. Qxf2 Rc3 45. Re1 Qf6 46. Rad1 Rb8 47. Rd2
f4 48. Qa7 Qd6 49. Qd4 Rbc8 50. Bb1+ Kg8 51. Qe4 f3 52. Qh7+ Kf8 53. Bg6 fxg2+
54. Kg1 Qb6+ 55. Rf2+ Qxf2+ 56. Kxf2 1-0

[Event "ACP Women Cup 2012"]
[Site "Tbilisi GEO"]
[Date "2012.02.18"]
[Round "2.5"]
[White "Zatonskih, Anna"]
[Black "Mamedjarova, Zeinab"]
[Result "1-0"]
[WhiteTitle "IM"]
[BlackTitle "WGM"]
[WhiteElo "2506"]
[BlackElo "2318"]
[WhiteFideId "14101572"]
[BlackFideId "13401521"]
[EventDate "2012.02.18"]

1. d4 Nf6 2. c4 c5 3. d5 e6 4. Nc3 exd5 5. cxd5 d6 6. Nf3 g6 7. Bf4 Bg7 8. Qa4+
Bd7 9. Qb3 Qc7 10. e4 Nh5 11. Be3 O-O 12. Nd2 Re8 13. Be2 a6 14. a4 Bc8 15. Bxh5
gxh5 16. O-O f5 17. Qd1 Nd7 18. Qxh5 Nf6 19. Qh4 Qe7 20. Bg5 Rb8 21. Rfe1 b5 22.
axb5 axb5 23. f4 Qf7 24. exf5 Rxe1+ 25. Rxe1 Bxf5 26. h3 b4 27. Nd1 Nxd5 28. Nc4
Qg6 29. g4 Bd4+ 30. Kh2 Bxg4 31. Qxg4 Qc2+ 32. Re2 Qxc4 33. Bf6+ 1-0

[Event "ACP Women Cup 2012"]
[Site "Tbilisi GEO"]
[Date "2012.02.18"]
[Round "2.6"]
[White "Kosintseva, Nadezhda"]
[Black "Muzychuk, Anna"]
[Result "0-1"]
[WhiteTitle "GM"]
[BlackTitle "IM"]
[WhiteElo "2537"]
[BlackElo "2580"]
[WhiteFideId "4134974"]
[BlackFideId "14111330"]
[EventDate "2012.02.18"]

1. e4 e5 2. Nf3 Nc6 3. Bb5 Nf6 4. d3 d6 5. O-O g6 6. c3 Bg7 7. Nbd2 O-O 8. Re1
a6 9. Ba4 h6 10. Nf1 b5 11. Bb3 d5 12. exd5 Nxd5 13. Ng3 Be6 14. Ne4 f5 15. Nc5
Bf7 16. c4 bxc4 17. Bxc4 Qd6 18. Na4 Ndb4 19. Be3 Bxc4 20. dxc4 e4 21. Nd2 Nd3
22. Re2 Nd4 23. Bxd4 Qxd4 24. Qc2 Rab8 25. Nb3 Qd6 26. Nc3 Nb4 27. Qd1 Qxd1+ 28.
Nxd1 Nd3 29. Rb1 Rb4 30. Rc2 Rfb8 31. Kf1 Ra4 32. Nc1 Nxc1 33. Rcxc1 Rxa2 34.
Ra1 Rxa1 35. Rxa1 Rb6 36. Ra2 Kf7 37. Ke2 Bd4 38. Nc3 Bxc3 39. bxc3 Ke6 40. Ke3
c5 41. Ra5 Rc6 42. f3 exf3 43. gxf3 g5 44. h3 Ke5 45. Ra2 f4+ 46. Kf2 Rb6 47.
Ra5 Kd6 48. Ke2 Rc6 49. Ra2 Kc7 50. Kf2 Re6 51. Rd2 Re3 52. Rd5 Kc6 53. Rf5 Rxc3
54. Rf6+ Kb7 55. Rxh6 Rxc4 56. Rg6 a5 57. Rxg5 a4 58. Ke2 a3 59. Kd3 Ra4 0-1

[Event "ACP Women Cup 2012"]
[Site "Tbilisi GEO"]
[Date "2012.02.19"]
[Round "3.1"]
[White "Muzychuk, Anna"]
[Black "Dzagnidze, Nana"]
[Result "1-0"]
[WhiteTitle "IM"]
[BlackTitle "GM"]
[WhiteElo "2580"]
[BlackElo "2535"]
[WhiteFideId "14111330"]
[BlackFideId "13601903"]
[EventDate "2012.02.18"]

1. e4 c5 2. Nf3 d6 3. d4 cxd4 4. Nxd4 Nf6 5. Nc3 a6 6. Be3 e5 7. Nf3 Qc7 8. a4
Be7 9. a5 O-O 10. Be2 Nc6 11. Bb6 Qd7 12. Nd2 d5 13. Nxd5 Nxd5 14. exd5 Qxd5 15.
O-O e4 16. Re1 Bf5 17. Nc4 Qe6 18. Ne3 Bg6 19. Qd5 Qf6 20. Qd7 Qxb2 21. Qxb7 Nd4
22. Bxa6 Bf6 23. Reb1 Qc3 24. Nd5 Qd2 25. Nxf6+ gxf6 26. Rd1 Nf3+ 27. gxf3 Qg5+
28. Kh1 exf3 29. Rg1 Qf4 30. Bd3 Rae8 31. Bc7 Qd4 32. Qxf3 Rc8 33. Bb6 1-0

[Event "ACP Women Cup 2012"]
[Site "Tbilisi GEO"]
[Date "2012.02.19"]
[Round "3.2"]
[White "Mamedjarova, Zeinab"]
[Black "Kosintseva, Nadezhda"]
[Result "0-1"]
[WhiteTitle "WGM"]
[BlackTitle "GM"]
[WhiteElo "2318"]
[BlackElo "2537"]
[WhiteFideId "13401521"]
[BlackFideId "4134974"]
[EventDate "2012.02.18"]

1. d4 Nf6 2. c4 e6 3. Nf3 d5 4. g3 dxc4 5. Qa4+ Nbd7 6. Bg2 a6 7. Qxc4 b5 8. Qc2
Bb7 9. O-O c5 10. a4 b4 11. Nbd2 Rc8 12. Qd3 cxd4 13. Qxd4 Bc5 14. Qd3 O-O 15.
Nb3 Bd5 16. Bg5 h6 17. Be3 Bxe3 18. Qxe3 Qb6 19. Nbd4 a5 20. Rfd1 Rfe8 21. Ne1
Bxg2 22. Kxg2 Nd5 23. Qd3 Ne5 24. Qb5 Qa7 25. e4 Rb8 26. Qe2 Ne7 27. Nb5 Qb6 28.
Rac1 Red8 29. f4 N5c6 30. Nf3 Na7 31. Nxa7 Qxa7 32. Ne5 Qb7 33. Qf3 Ng6 34. Nc6
Rxd1 35. Qxd1 Rc8 36. Qd6 Kh7 37. Kf3 Qa6 38. Kf2 Qb6+ 39. Kg2 Qe3 40. Rc5 Qxe4+
41. Kf2 b3 42. Qd7 Rf8 43. Nxa5 Qb4 44. Qb5 Qd2+ 45. Kf3 Rd8 46. Rc3 Qxb2 47.
Qxb3 Qxh2 48. Rd3 Rc8 49. f5 exf5 50. Qd5 Rc2 0-1

[Event "ACP Women Cup 2012"]
[Site "Tbilisi GEO"]
[Date "2012.02.19"]
[Round "3.3"]
[White "Cmilyte, Viktorija"]
[Black "Zatonskih, Anna"]
[Result "1-0"]
[WhiteTitle "GM"]
[BlackTitle "IM"]
[WhiteElo "2503"]
[BlackElo "2506"]
[WhiteFideId "12801259"]
[BlackFideId "14101572"]
[EventDate "2012.02.18"]

1. d4 d5 2. c4 e6 3. Nc3 Be7 4. Nf3 Nf6 5. Bg5 h6 6. Bxf6 Bxf6 7. e3 O-O 8. Rc1
c6 9. h4 g6 10. h5 g5 11. Bd3 Bg7 12. Bb1 Nd7 13. Qc2 Re8 14. Ne5 Qf6 15. Qh7+
Kf8 16. f4 gxf4 17. exf4 Nxe5 18. fxe5 Qf4 19. Ne2 Qg5 20. Rc3 Bxe5 21. dxe5
Qxe5 22. Rf1 Re7 23. Rg3 Ke8 24. Rg8+ Kd7 25. Rxf7 1-0

[Event "ACP Women Cup 2012"]
[Site "Tbilisi GEO"]
[Date "2012.02.19"]
[Round "3.6"]
[White "Cramling, Pia"]
[Black "Kosteniuk, Alexandra"]
[Result "1/2-1/2"]
[WhiteTitle "GM"]
[BlackTitle "GM"]
[WhiteElo "2491"]
[BlackElo "2448"]
[WhiteFideId "1700030"]
[BlackFideId "4128125"]
[EventDate "2012.02.18"]

1. d4 Nf6 2. Nf3 e6 3. c4 b6 4. g3 Bb4+ 5. Bd2 Bxd2+ 6. Qxd2 Ba6 7. b3 c6 8. Bg2
d5 9. O-O O-O 10. Rc1 Nbd7 11. a4 Qe7 12. Na3 Bb7 13. cxd5 exd5 14. b4 a5 15. b5
c5 16. e3 Ne4 17. Qb2 c4 18. Nb1 Qb4 19. Qa3 f5 20. Nc3 Rae8 21. Ra2 Rf6 22. Ne2
h6 23. Ne1 g5 24. Nc2 Qb3 25. Na1 Qb4 26. Nc2 Qf8 27. Qxf8+ Nxf8 28. Ne1 Ng6 29.
Nc3 Nxc3 30. Rxc3 f4 31. Ra1 Kg7 32. exf4 gxf4 33. Bf3 Ne7 34. Nc2 Nf5 35. Rd1
Nd6 36. Ne1 fxg3 37. hxg3 Ref8 38. Rd2 Nf7 39. Bg2 Re8 40. Nc2 Ng5 41. Re3 Rxe3
42. Nxe3 Nf3+ 43. Bxf3 Rxf3 44. Re2 h5 45. Kg2 Rf7 46. Nd1 Bc8 47. Nc3 h4 48. f4
Kf8 49. Re5 Rg7 50. Rg5 h3+ 51. Kh2 Rxg5 52. fxg5 Be6 53. g4 Bxg4 54. Nxd5 Kg7
55. Kg3 Be6 56. Nf4 Bf5 57. Nd5 Kg6 58. Nxb6 c3 59. Nd5 c2 60. Nf4+ Kxg5 61. Ne2
Kf6 62. b6 Bc8 63. Nc1 Kf5 64. Kxh3 Ke4+ 65. Kg2 Kxd4 66. Kf2 Kc5 67. Ke3 Kxb6
68. Kd3 Bf5+ 69. Kc3 Bg6 70. Nb3 Be4 71. Kb2 Bc6 72. Nxa5 Bxa4 73. Nc4+ Kc5 74.
Ne3 1/2-1/2

[Event "ACP Women Cup 2012"]
[Site "Tbilisi GEO"]
[Date "2012.02.19"]
[Round "4.1"]
[White "Dzagnidze, Nana"]
[Black "Kosteniuk, Alexandra"]
[Result "1-0"]
[WhiteTitle "GM"]
[BlackTitle "GM"]
[WhiteElo "2535"]
[BlackElo "2448"]
[WhiteFideId "13601903"]
[BlackFideId "4128125"]
[EventDate "2012.02.18"]

1. Nf3 Nf6 2. g3 d5 3. Bg2 c6 4. O-O Bg4 5. d3 Nbd7 6. Nbd2 e5 7. b3 Bd6 8. Bb2
O-O 9. h3 Bh5 10. e4 a5 11. a4 Qc7 12. g4 Bg6 13. Nh4 dxe4 14. dxe4 b5 15. Nf5
Nc5 16. Ba3 Rfd8 17. Qe2 Bf8 18. Rfd1 Rab8 19. Qe3 Ne6 20. Bxf8 Rxf8 21. Nf3 Nf4
22. Bf1 h5 23. g5 Nd7 24. Rxd7 Qxd7 25. Nxe5 Qe6 26. Qxf4 Rbe8 27. Nxg6 fxg6 28.
axb5 Kh7 29. Bc4 Qc8 30. Qh4 cxb5 31. Bxb5 Qc3 32. Rf1 Rd8 33. Bd3 Rxd3 34. cxd3
gxf5 35. Qxh5+ Kg8 36. g6 Rd8 37. Qh7+ Kf8 38. Qh8+ Ke7 39. Qh4+ Kd7 40. exf5
Qxd3 41. Re1 Kc8 42. Rc1+ Kb7 43. Qe7+ Rd7 44. Qe6 Qb5 45. Qe4+ Qd5 46. Re1 Kb6
47. Qxd5 Rxd5 48. Re7 Rxf5 49. Rxg7 Kc5 50. h4 Kd6 51. Rf7 Kd5 1-0

[Event "ACP Women Cup 2012"]
[Site "Tbilisi GEO"]
[Date "2012.02.19"]
[Round "4.4"]
[White "Zatonskih, Anna"]
[Black "Lahno, Kateryna"]
[Result "0-1"]
[WhiteTitle "IM"]
[BlackTitle "GM"]
[WhiteElo "2506"]
[BlackElo "2557"]
[WhiteFideId "14101572"]
[BlackFideId "14109336"]
[EventDate "2012.02.18"]

1. e4 d6 2. d4 Nf6 3. Nc3 g6 4. Be3 a6 5. f3 b5 6. Qd2 Nbd7 7. O-O-O Bb7 8. g4
h6 9. h4 Bg7 10. Kb1 c5 11. dxc5 dxc5 12. Qh2 b4 13. Na4 Qa5 14. b3 Bc6 15. Nb2
Nb6 16. Qc7 Rc8 17. Nc4 Rxc7 18. Nxa5 Bb5 19. Ne2 Nfd7 20. a4 bxa3 21. c4 Bc6
22. Nxc6 Rxc6 23. Nf4 a5 24. Ka2 a4 25. Kxa3 axb3 26. Kxb3 O-O 27. Be2 Rb8 28.
Kc2 Ra8 29. Rb1 e6 30. Rhc1 Rd6 31. Rb3 g5 32. hxg5 hxg5 33. Nd3 Nxc4 34. Bxg5
Na3+ 35. Kd2 c4 36. Rxa3 Rxa3 37. Rxc4 Ne5 38. Rc8+ Kh7 39. Bf4 Rdxd3+ 40. Bxd3
Nxd3 41. Bd6 Ra6 42. Rd8 Ne5 0-1

[Event "ACP Women Cup 2012"]
[Site "Tbilisi GEO"]
[Date "2012.02.19"]
[Round "4.5"]
[White "Kosintseva, Nadezhda"]
[Black "Cmilyte, Viktorija"]
[Result "1-0"]
[WhiteTitle "GM"]
[BlackTitle "GM"]
[WhiteElo "2537"]
[BlackElo "2503"]
[WhiteFideId "4134974"]
[BlackFideId "12801259"]
[EventDate "2012.02.18"]

1. e4 c5 2. Nf3 Nc6 3. Bb5 d6 4. Nc3 Bd7 5. Bxc6 Bxc6 6. d4 cxd4 7. Qxd4 h6 8.
Qd3 e5 9. Nd2 Nf6 10. Nc4 Nxe4 11. Nxe4 d5 12. Nxe5 dxe4 13. Qxd8+ Rxd8 14. Nxc6
bxc6 15. Be3 a5 16. Ke2 Be7 17. Rad1 Rb8 18. b3 f5 19. Bf4 Rb7 20. Rd4 Kf7 21.
Rhd1 g5 22. Be5 Rc8 23. Rc4 Rb4 24. Rcd4 Rxd4 25. Bxd4 a4 26. Bc3 axb3 27. axb3
Ke6 28. Ra1 Rc7 29. Ra5 Bd6 30. h3 f4 31. Bd4 c5 32. Bc3 Rf7 33. Ra6 f3+ 34. Kf1
Kd5 35. Bd2 Rd7 36. Be3 Ke5 37. gxf3 exf3 38. Rc6 Be7 39. Ke1 Kd5 40. Rxh6 c4
41. bxc4+ Kxc4 42. Rc6+ Kb5 43. Rc8 Bf6 44. c3 Rh7 45. Kd2 Rxh3 46. Kd3 Rh7 47.
c4+ Ka4 48. Rg8 Rd7+ 49. Ke4 Re7+ 50. Kxf3 Kb4 51. Bxg5 Bxg5 52. Rxg5 Kxc4 53.
Kg4 Re1 54. f4 Kd4 55. Ra5 Re8 56. f5 Ke4 57. f6 Rg8+ 58. Kh5 Rg1 59. Kh6 Rh1+
60. Kg7 Rg1+ 61. Kf8 Rb1 62. f7 Rf1 63. Ra8 Kd5 64. Ke7 Re1+ 65. Kf6 Rf1+ 66.
Kg6 Rg1+ 67. Kh5 Rh1+ 68. Kg4 Rg1+ 69. Kh3 Rh1+ 70. Kg2 1-0

[Event "ACP Women Cup 2012"]
[Site "Tbilisi GEO"]
[Date "2012.02.19"]
[Round "4.6"]
[White "Muzychuk, Anna"]
[Black "Mamedjarova, Zeinab"]
[Result "1-0"]
[WhiteTitle "IM"]
[BlackTitle "WGM"]
[WhiteElo "2580"]
[BlackElo "2318"]
[WhiteFideId "14111330"]
[BlackFideId "13401521"]
[EventDate "2012.02.18"]

1. e4 e5 2. Bc4 Nc6 3. Nf3 Nf6 4. d3 Bc5 5. c3 d6 6. Nbd2 O-O 7. h3 a6 8. a4 Ne7
9. Nf1 Ng6 10. Ng3 Be6 11. O-O Ba7 12. Bxe6 fxe6 13. d4 Qe7 14. Be3 c6 15. Qb3
Kh8 16. Rad1 a5 17. Qa3 exd4 18. cxd4 d5 19. Qxe7 Nxe7 20. Ng5 Nxe4 21. N3xe4
dxe4 22. Nxe6 Rg8 23. Ng5 Rge8 24. Nf7+ Kg8 25. Nd6 Red8 26. Nxe4 Nf5 27. Nc5
Rd5 28. Ne6 Rd6 29. Nc5 Rd5 30. g4 Bxc5 31. dxc5 Nxe3 32. fxe3 Rad8 33. Rxd5
Rxd5 34. Rc1 Rd2 35. Rb1 Re2 36. b4 axb4 37. Rxb4 Rxe3 38. Rxb7 Rxh3 39. Kf2 Ra3
40. Ra7 h6 41. Ke2 Rc3 42. a5 Rxc5 43. Kd3 Kh7 44. Kd4 Rc1 45. a6 c5+ 46. Kd3
c4+ 47. Kd2 Rg1 48. Rb7 Rxg4 49. Kc3 Rg3+ 50. Kxc4 Ra3 51. Kb5 h5 52. Rc7 Kh6
53. a7 g6 54. Kb6 h4 55. Rc8 g5 56. a8=Q Rxa8 57. Rxa8 g4 58. Kc5 h3 59. Kd4 Kg5
60. Ke3 h2 61. Rh8 1-0

[Event "ACP Women Cup 2012"]
[Site "Tbilisi GEO"]
[Date "2012.02.19"]
[Round "5.1"]
[White "Mamedjarova, Zeinab"]
[Black "Dzagnidze, Nana"]
[Result "0-1"]
[WhiteTitle "WGM"]
[BlackTitle "GM"]
[WhiteElo "2318"]
[BlackElo "2535"]
[WhiteFideId "13401521"]
[BlackFideId "13601903"]
[EventDate "2012.02.18"]

1. d4 Nf6 2. c4 e6 3. Nf3 b6 4. g3 Ba6 5. Nbd2 Bb7 6. Bg2 c5 7. O-O Be7 8. e4
cxd4 9. Nxd4 Bc5 10. N4b3 d6 11. Nxc5 bxc5 12. e5 Bxg2 13. exf6 Bxf1 14. fxg7
Rg8 15. Qf3 Nd7 16. Ne4 Rxg7 17. Bg5 Rxg5 18. Nxg5 Ne5 19. Qb7 Bxc4 20. f4 Bd5
21. Qb5+ Kf8 22. Qe2 h6 23. Nh7+ Kg7 24. fxe5 Kxh7 25. Rf1 Qg8 26. exd6 Rd8 27.
Qh5 f5 28. Qh4 Qg5 0-1

[Event "ACP Women Cup 2012"]
[Site "Tbilisi GEO"]
[Date "2012.02.19"]
[Round "5.2"]
[White "Cmilyte, Viktorija"]
[Black "Muzychuk, Anna"]
[Result "1/2-1/2"]
[WhiteTitle "GM"]
[BlackTitle "IM"]
[WhiteElo "2503"]
[BlackElo "2580"]
[WhiteFideId "12801259"]
[BlackFideId "14111330"]
[EventDate "2012.02.18"]

1. d4 f5 2. g3 Nf6 3. Bg2 g6 4. Nf3 Bg7 5. O-O O-O 6. c4 d6 7. Nc3 Nc6 8. b3 e5
9. dxe5 dxe5 10. Ba3 Re8 11. e4 Qxd1 12. Raxd1 fxe4 13. Ng5 Bg4 14. Rde1 Nd4 15.
Ngxe4 Nxe4 16. Bxe4 c6 17. Kg2 Rad8 18. f3 Bf5 19. Rf2 Ne6 20. h4 Bh6 21. Na4
Bg7 22. Nc5 Nxc5 23. Bxc5 b6 24. Ba3 Bxe4 25. Rxe4 Rd4 26. Rfe2 Red8 27. Kf2
Rxe4 28. Rxe4 Kf7 29. Bb2 Rd2+ 30. Re2 Rxe2+ 31. Kxe2 e4 32. Bxg7 exf3+ 33. Kxf3
Kxg7 34. Ke4 Kf6 35. b4 Ke6 36. Kf4 h6 37. g4 Kf6 38. g5+ hxg5+ 39. hxg5+ Ke6
40. Ke4 c5 41. b5 1/2-1/2

[Event "ACP Women Cup 2012"]
[Site "Tbilisi GEO"]
[Date "2012.02.19"]
[Round "5.3"]
[White "Lahno, Kateryna"]
[Black "Kosintseva, Nadezhda"]
[Result "1/2-1/2"]
[WhiteTitle "GM"]
[BlackTitle "GM"]
[WhiteElo "2557"]
[BlackElo "2537"]
[WhiteFideId "14109336"]
[BlackFideId "4134974"]
[EventDate "2012.02.18"]

1. d4 Nf6 2. c4 e6 3. Nf3 d5 4. Nc3 Bb4 5. Qa4+ Nc6 6. Bg5 h6 7. Bxf6 Qxf6 8. e3
O-O 9. Be2 Bd7 10. Qb3 dxc4 11. Bxc4 Bd6 12. Qd1 e5 13. d5 Ne7 14. O-O Ng6 15.
h3 Nh4 16. Nxh4 Qxh4 17. Bb5 Bc8 18. Qa4 Qe7 19. Ne4 a6 20. Be2 Bf5 21. Nxd6
cxd6 22. Rac1 Rac8 23. Bg4 Bxg4 24. Qxg4 Rc7 25. e4 Qd8 26. Kh2 Qc8 27. Rxc7
Qxc7 28. f4 exf4 29. Qxf4 Re8 30. Rc1 Qe7 31. Rc4 Qd7 32. b3 1/2-1/2

[Event "ACP Women Cup 2012"]
[Site "Tbilisi GEO"]
[Date "2012.02.20"]
[Round "6.3"]
[White "Zatonskih, Anna"]
[Black "Cramling, Pia"]
[Result "1/2-1/2"]
[WhiteTitle "IM"]
[BlackTitle "GM"]
[WhiteElo "2506"]
[BlackElo "2491"]
[WhiteFideId "14101572"]
[BlackFideId "1700030"]
[EventDate "2012.02.18"]

1. e4 c5 2. c3 Nf6 3. e5 Nd5 4. d4 cxd4 5. Nf3 Nc6 6. cxd4 d6 7. Bc4 Nb6 8. Bb5
dxe5 9. Nxe5 Bd7 10. Nxd7 Qxd7 11. Nc3 e6 12. O-O Be7 13. Qg4 O-O 14. Bxc6 bxc6
15. Bh6 Bf6 16. Rfd1 Kh8 17. Ne4 Qe7 18. Bg5 Bxg5 19. Qxg5 Qxg5 20. Nxg5 Nd5 21.
Rac1 Rab8 22. Rd2 Rb6 23. Rc4 Kg8 24. Ra4 h6 25. Ne4 Rfb8 26. b3 R8b7 27. Kf1
Rb4 28. Ra6 R4b6 29. Ra4 Rb4 30. Ra6 R4b6 31. Ra5 Rb5 32. Ra3 Rd7 33. Nc5 Rc7
34. Ra4 Rb4 35. Na6 Rxa4 36. Nxc7 Ra5 37. Nxd5 cxd5 38. Rc2 Kf8 39. a4 Ra6 40.
Rc8+ Ke7 41. Rc7+ Kf6 42. Rb7 g5 43. Ke2 e5 44. dxe5+ Kxe5 45. Kd3 f5 46. Rb8
Re6 47. b4 Rc6 48. Re8+ Kd6 49. Rd8+ Ke5 50. Re8+ Kd6 51. Rd8+ Ke5 1/2-1/2

[Event "ACP Women Cup 2012"]
[Site "Tbilisi GEO"]
[Date "2012.02.20"]
[Round "6.5"]
[White "Muzychuk, Anna"]
[Black "Lahno, Kateryna"]
[Result "1/2-1/2"]
[WhiteTitle "IM"]
[BlackTitle "GM"]
[WhiteElo "2580"]
[BlackElo "2557"]
[WhiteFideId "14111330"]
[BlackFideId "14109336"]
[EventDate "2012.02.18"]

1. e4 c5 2. Nf3 e6 3. c4 Nc6 4. Nc3 Nf6 5. Be2 d5 6. exd5 exd5 7. d4 Be7 8. O-O
O-O 9. Be3 cxd4 10. Nxd4 Nxd4 11. Qxd4 dxc4 12. Qxc4 Be6 13. Qb5 Qd7 14. Rfd1
Qxb5 15. Nxb5 Rac8 16. Nxa7 Rc2 17. Rd2 Rxd2 18. Bxd2 Ra8 19. Be3 Nd5 20. Bd4
Nb4 21. Rc1 Bf6 22. Nb5 1/2-1/2